00579 2200205 4500001002100000005001500021008004100036020002200077035001900099041000700118082001100125090001700136100002000153700001700173245008800190250000600278260003700284300003700321650001500358INLIS00000000001968320241224115739241224||||||||| | ||| |||| || |  a978-979-29-5946-8 0010-1224019683 aid0 a581.46 a581.46 CAH g0 aCahyo Saparinto0 aRini Susiana00aGrow Your Own Fruits: Panduan Praktis Menanam 28 Tanaman Buah Populer di Pekarangan a1 aYogyakartabLILY PUBLISHERc2016 a21x14 cm, viii, 344 hlm.; ilus.: 0aAgrikultur